书目信息 |
| 题名: |
一百零九个春天
|
|
| 作者: | 严幼韵 口述 ;杨蕾孟 , 魏平 编著 | |
| 分册: | ||
| 出版信息: | 北京 新世界出版社 2015 |
|
| 页数: | 355页 | |
| 开本: | 24cm | |
| 丛书名: | ||
| 单 册: | ||
| 中图分类: | K828.5=76 | |
| 科图分类: | ||
| 主题词: | 女性--nv xing--人物--生平事迹--中国--现代 | |
| 电子资源: | ||
| ISBN: | 978-7-5104-5320-5 | |
| 000 | 01277nam0 22002771 450 | |
| 001 | 0109172526 | |
| 005 | 20170309172526.0 | |
| 010 | @a978-7-5104-5320-5@dCNY68.00 | |
| 100 | @a20150604d2015 em y0chiy50 ea | |
| 101 | 0 | @achi |
| 102 | @aCN@b110000 | |
| 105 | @aa z 001yd | |
| 106 | @ar | |
| 200 | 1 | @a一百零九个春天@9yi bai ling jiu ge chun tian@e我的故事@f顾严幼韵口述@g杨蕾孟编著@g魏平译 |
| 210 | @a北京@c新世界出版社@d2015 | |
| 215 | @a355页@c图@d24cm | |
| 330 | @a本书讲述了严幼韵的生命历程:从20世纪20年代在上海的名媛生活,到二战期间在马尼拉的艰辛岁月,特别是在丈夫杨光泩(中国驻菲律宾马尼拉总领事)惨遭日军杀害后,她毅然担起了照料多户领事馆家人的责任。战后她带着三个女儿移居美国,进入联合国工作,担任联合国首批礼宾官。1959年她嫁给著名外交家顾维钧并陪伴他度过在海牙国际法院的岁月,照顾他直到他九十八岁高寿离世。如今,她是五世之家的老祖母,安享着幸福快乐的晚年。 | |
| 517 | 1 | @a我的故事@9wo de gu shi |
| 606 | 0 | @a女性@9nv xing@x人物@x生平事迹@y中国@z现代 |
| 610 | 0 | @a严幼韵(1905- )@Ayan you yun (1905- ) |
| 690 | @aK828.5=76@v5 | |
| 701 | 0 | @a严幼韵@9yan you yun@c(女,@f1905~)@4口述 |
| 702 | 0 | @a杨蕾孟@9yang lei meng@c(女,@f1930~)@4编著 |
| 702 | 0 | @a魏平@9wei ping@4译 |
| 801 | 0 | @aCN@bTANGWEI@c20170308 |
| 905 | @b0954300-2@dK828.5=76@e60@f3 | |
| 一百零九个春天:我的故事/顾严幼韵口述/杨蕾孟编著/魏平译 .-北京:新世界出版社,2015 |
| 355页:图;24cm |
| ISBN 978-7-5104-5320-5:CNY68.00 |
| 本书讲述了严幼韵的生命历程:从20世纪20年代在上海的名媛生活,到二战期间在马尼拉的艰辛岁月,特别是在丈夫杨光泩(中国驻菲律宾马尼拉总领事)惨遭日军杀害后,她毅然担起了照料多户领事馆家人的责任。战后她带着三个女儿移居美国,进入联合国工作,担任联合国首批礼宾官。1959年她嫁给著名外交家顾维钧并陪伴他度过在海牙国际法院的岁月,照顾他直到他九十八岁高寿离世。如今,她是五世之家的老祖母,安享着幸福快乐的晚年。 |
| ● |
| 相关链接 |
|
|
|
|
正题名:一百零九个春天
索取号:K828.5=76/60
 
预约/预借
| 序号 | 登录号 | 条形码 | 馆藏地/架位号 | 状态 | 备注 |
| 1 | 0954300 | 209543001 | 第二样本阅览室/ [索取号:K828.5=76/60] | 在馆 | |
| 2 | 0954301 | 209543010 | 第二借阅区/ [索取号:K828.5=76/60] | 在馆 | |
| 3 | 0954302 | 209543029 | 第二借阅区/ [索取号:K828.5=76/60] | 在馆 |